| 000 | 00425nam a2200181Ia 4500 | ||
|---|---|---|---|
| 008 | 180207s9999 xx 000 0 und d | ||
| 020 | _a9780340656747 | ||
| 050 | _bI568 1995 | ||
| 100 | _aInkpen, Mick | ||
| 245 | _aNothing / | ||
| 245 | _cby Mick Inkpen. | ||
| 260 | _aLondon : | ||
| 260 | _bHodder Children's Books, | ||
| 260 | _c1995 | ||
| 300 | _aunpaged : | ||
| 300 | _bcolor illustration ; | ||
| 300 | _c24cm. | ||
| 999 |
_c355534 _d355534 |
||